000 00807cam a22001814a 4500
005 20250605164148.0
008 250528s ||||||||||||||||||||||||d
035 _a19261
040 _aGR-AtMCL
_bgre
_dGR-AtMCL
_eAACR2
245 1 _aΟ Άνθρωπος και η Αναγέννηση / Παγκόσμιος Ιστορία Τέχνης
260 _bΧρυσός Τύπος,
_c1977
300 _a178
520 _aΠρός ένα Νέο Ύφος, Ο Θρίαμβος της Αρχαιότητας, Η Ακμή της Αναγεννήσεως και Μετέπειτα, Η Ιταλική Αναγέννηση και Τέχνη πέρα από τις Άλπεις, Η Βενετική Αναγέννηση.
700 1 _aMartindale Andrew
_95488
942 _cBK
999 _c4527
_d4527